000 00286nam a2200109Ia 4500
001 587439
005 20250717113816.0
008 250717s9999 xx 000 0 und d
245 0 _aX-5 MİNİK CANLILAR
_cNICHOLAS HARRIS
260 _bTÜRKİYE İŞ BANKASI YAYINLARI
_c2017
300 _b18
999 _c587439
_d587439